| 000 | 01172cam a2200301 a 4500 | ||
|---|---|---|---|
| 999 |
_c5850 _d5850 |
||
| 001 | 12214719 | ||
| 003 | OCoLC | ||
| 005 | 20190110122820.0 | ||
| 008 | 850606s1985 tnu b 000 0 eng | ||
| 010 | _a 85013762 | ||
| 020 | _a0840759657 (pbk.) | ||
| 020 | _a9780840759658 (pbk.) | ||
| 035 | _a(OCoLC)12214719 | ||
| 040 |
_aDLC _beng _cDLC _dBTCTA _dYDXCP _dOKR _dHNW _dCIRBC |
||
| 043 | _an-us--- | ||
| 050 | 0 | 0 |
_aBV4597.6 _b.K57 1985 |
| 082 | 0 |
_a241.66 _219 _bK59M |
|
| 092 |
_a241.667 _bK592 |
||
| 100 | 1 | _aKirk, Jerry R. | |
| 245 | 1 | 4 |
_aThe mind polluters / _cby Jerry R. Kirk. |
| 260 |
_aNashville, Tenn. : _bT. Nelson, _cc1985. |
||
| 300 |
_a221 p. ; _c21 cm. |
||
| 504 | _aBibliography: p. 219-221. | ||
| 505 | 0 | _aA time to stand -- The death of righteousness -- How big is the problem? -- Devastation for women -- Child pornography : the millstone -- The starting place -- Our greatest earthly ally -- The nature of a movement -- An individual game plan -- Strategies for teams -- Where the battle is being won -- Something to give. | |
| 650 | 0 |
_aPornography _xReligious aspects _xChristianity. |
|
| 650 | 0 |
_aPornography _zUnited States. |
|
| 942 |
_2ddc _cBK |
||